| 000 | 00000nam##2200000za#4500 |
| 001 | 9.575495 |
| 003 | CaOODSP |
| 005 | 20210624184707 |
| 007 | cr ||||||||||| |
| 008 | 150406|2007||||xxc|||||o f|0| 0 eng|d |
| 040 | |aCaOODSP|beng |
| 043 | |an-cn--- |
| 086 | 1 |aTU3-5/07-32E-PDF |
| 110 | 2 |aTransportation Safety Board of Canada. |
| 245 | 10|aEngine failure/forced landing - Forest Patrol Limited Ayres S-2R C-FBED Boston Brook, New Brunswick , 27 August 2007 |h[electronic resource] |
| 260 | |aGatineau - Quebec : |bTransportation Safety Board of Canada |c[2007]. |
| 300 | |a5p.|bcoloured illus. |
| 490 | 1 |aAviation investigation report |vA07A0096 |
| 590 | |a13-02-Supp|b2013-01-11 |
| 775 | 08|tPanne moteur et atterrissage forcé du Ayres S-2R C-FBED exploité par Forest Patrol Limited à Boston Brook (Nouveau-Brunswick), le 27 août 2007 |w(CaOODSP)9.605015 |
| 830 | #0|aAviation investigation report ;|vA07A0096|w(CaOODSP)9.504825 |
| 856 | 40|ahttp://publications.gc.ca|qPDF|s406 KB|uhttps://publications.gc.ca/collections/collection_2012/bst-tsb/TU3-5-07-32-eng.pdf|yA07A0096 |